000 00530nam a2200181Ia 4500
003 OSt
005 20230808172544.0
008 221216s9999||||xx |||||||||||||| ||und||
020 _a9780071276344
040 _cChuka University Library
050 _aP 90
_b .W47 2010
100 _aWest, Richard and Lynn H. Turner
_91719
245 0 _aIntroducing communication theory: Analysis and application
260 _alBoston
_bMcGraw-Hill
_c2010
300 _avarious paging
650 _aCommunication theory
_911702
942 _cBK
_01
_2lcc
999 _c2484
_d2484